AH International Schools' Libraries

The Cat Who Saved Books / (Record no. 49599)

MARC details
000 -LEADER
fixed length control field 02583nam a2200373 4500
020 ## - INTERNATIONAL STANDARD BOOK NUMBER
International Standard Book Number 9781529052114
Qualifying information EPUB
020 ## - INTERNATIONAL STANDARD BOOK NUMBER
International Standard Book Number 1529052114
Qualifying information EPUB
020 ## - INTERNATIONAL STANDARD BOOK NUMBER
International Standard Book Number 9781035072552
037 ## - SOURCE OF ACQUISITION
Stock number PanMacmillan89406
Source of stock number/acquisition Ingram Content Group
040 ## - CATALOGING SOURCE
Original cataloging agency Uk
Language of cataloging eng
Transcribing agency Uk
072 #7 - SUBJECT CATEGORY CODE
Subject category code FIC
Subject category code subdivision 067000
Source bisacsh
072 #7 - SUBJECT CATEGORY CODE
Subject category code FIC
Subject category code subdivision 051000
Source bisacsh
072 #7 - SUBJECT CATEGORY CODE
Subject category code FIC
Subject category code subdivision 061000
Source bisacsh
072 #7 - SUBJECT CATEGORY CODE
Subject category code FIC
Subject category code subdivision 022110
Source bisacsh
072 #7 - SUBJECT CATEGORY CODE
Subject category code FIC
Subject category code subdivision 002000
Source bisacsh
072 #7 - SUBJECT CATEGORY CODE
Subject category code FYT
Source bicssc
072 #7 - SUBJECT CATEGORY CODE
Subject category code WNGC
Source bicssc
100 ## - MAIN ENTRY--PERSONAL NAME
Personal name Natsukawa, Sosuke,
Relator term author.
9 (RLIN) 86716
245 14 - TITLE STATEMENT
Title The Cat Who Saved Books /
Statement of responsibility, etc Sosuke Natsukawa, translated by Louise Heal Kawai.
260 ## - PUBLICATION, DISTRIBUTION, ETC. (IMPRINT)
Place of publication, distribution, etc London;
Name of publisher, distributor, etc Pan Macmillan:
Date of publication, distribution, etc 2025.
300 ## - PHYSICAL DESCRIPTION
Extent 224 pages.
490 ## - SERIES STATEMENT
Series statement The cat who;
Volume number/sequential designation 1
500 ## - GENERAL NOTE
General note AN INDIE NEXT PICK!<br/><br/>From the #1 bestselling author in Japan comes a celebration of books, cats, and the people who love them, infused with the heartwarming spirit of The Guest Cat and The Travelling Cat Chronicles.<br/><br/>Bookish high school student Rintaro Natsuki is about to close the secondhand bookstore he inherited from his beloved bookworm grandfather. Then, a talking cat appears with an unusual request. The feline asks for—or rather, demands—the teenager’s help in saving books with him. The world is full of lonely books left unread and unloved, and the cat and Rintaro must liberate them from their neglectful owners.<br/><br/>Their mission sends this odd couple on an amazing journey, where they enter different mazes to set books free. Through their travels, the cat and Rintaro meet a man who leaves his books to perish on a bookshelf, an unwitting book torturer who cuts the pages of books into snippets to help people speed read, and a publishing drone who only wants to create bestsellers. Their adventures culminate in one final, unforgettable challenge—the last maze that awaits leads Rintaro down a realm only the bravest dare enter . . .<br/><br/>An enthralling tale of books, first love, fantasy, and an unusual friendship with a talking cat, The Cat Who Saved Books is a story for those for whom books are so much more than words on paper.
650 ## - SUBJECT ADDED ENTRY--TOPICAL TERM
Topical term or geographic name as entry element FICTION / Animals
9 (RLIN) 86717
650 #7 - SUBJECT ADDED ENTRY--TOPICAL TERM
Topical term or geographic name as entry element FICTION / Cultural Heritage
9 (RLIN) 86718
650 ## - SUBJECT ADDED ENTRY--TOPICAL TERM
Topical term or geographic name as entry element FICTION / Magical Realism
9 (RLIN) 86719
650 ## - SUBJECT ADDED ENTRY--TOPICAL TERM
Topical term or geographic name as entry element FICTION / Mystery & Detective / Cozy / Cats & Dogs
9 (RLIN) 86720
650 ## - SUBJECT ADDED ENTRY--TOPICAL TERM
Topical term or geographic name as entry element FICTION / Action & Adventure
9 (RLIN) 73956
650 ## - SUBJECT ADDED ENTRY--TOPICAL TERM
Topical term or geographic name as entry element Fiction In Translation
9 (RLIN) 86721
700 1# - ADDED ENTRY--PERSONAL NAME
Personal name Kawai, Louise Heal,
Relator term translator.
9 (RLIN) 86722
942 ## - ADDED ENTRY ELEMENTS (KOHA)
Source of classification or shelving scheme
Koha item type Book
Holdings
Withdrawn status Lost status Source of classification or shelving scheme Damaged status Not for loan Home library Current library Date acquired Total Checkouts Full call number Barcode Date last seen Date checked out Price effective from Koha item type
          Logos International School Logos International School 10/02/2025 3 Y FIC SOS JAP 041768 03/23/2026 03/12/2026 10/02/2025 Book

For any Logos Library related questions please contact Miss Art at swongnarasuk@asianhope.org.

For any Asian Hope Library related questions please contact Miss Raza at graza@asianhope.org.

Powered by Koha